00662nam a2200229 a 4500001001300000003000900013005001700022008004100039020002300080082002000103100001600123245002000139260003500159300000900194500003500203505001000238650001900248902000800267942000700275952013300282999001700415nice12345678IN_TiNIC20260116013639.0050524s1995 dela grp 000 0 eng  a8174880 c35000a305.480297bPRU aPruthi, Raj aIslam and Women aDelhibAnmol Publishers c1995 a256p aincludes index and biblioraphy2 aIndex aWomen in Islam bSRS cBK 001040708StackRoom-aHMIbHMId2007-10-30g350.00l5o305.480297 PRUp016381r2024-04-01s2024-03-18v350.00w2005-05-24yBK c11791d11791